Fiori di sonetti = Flores de sonetos / (Record no. 92961)

MARC details
000 -CABECERA
campo de control de longitud fija 00603nam a2200193 a 4500
005 - FECHA Y HORA DE LA ÚLTIMA TRANSACCIÓN
campo de control 20210223124755.0
008 - ELEMENTOS DE LONGITUD FIJA--INFORMACIÓN GENERAL
campo de control de longitud fija 021030s2001 mx r 000 0 spa d
020 ## - NÚMERO INTERNACIONAL NORMALIZADO PARA LIBROS
Número Internacional Estándar del Libro 9687870990
035 ## - NÚMERO DE CONTROL DEL SISTEMA
Número de control de sistema UPN01000120627
049 ## - COLECCIÓN
Colección CG
050 #4 - SIGNATURA TOPOGRÁFICA DE LA BIBLIOTECA DEL CONGRESO
Número de clasificación PQ4221
Número de documento/Ítem F5.6
245 00 - MENCIÓN DE TÍTULO
Título Fiori di sonetti = Flores de sonetos /
Mención de responsabilidad, etc. Edicion de Antonio Alatorre.
260 ## - PUBLICACIÓN, DISTRIBUCIÓN, ETC.
Lugar de publicación, distribución, etc. México :
Nombre del editor, distribuidor, etc. Aldus:
-- Paréntesis :
Lugar de publicación, distribución, etc. El Colegio Nacional,
Fecha de publicación, distribución, etc. 2001.
300 ## - DESCRIPCIÓN FÍSICA
Extensión 178 p.
650 #4 - ASIENTO SECUNDARIO DE MATERIA - TERMINO TEMATICO
Término de materia o nombre geográfico como elemento de entrada SONETOS ITALIANOS -
Subdivisión general TRADUCCIONES AL ESPAÑOL
700 1# - ASIENTO SECUNDARIO--NOMBRE DE PERSONAL
Nombre de persona Alatorre Chávez, Antonio,
Fechas asociadas al nombre 1922-2010
Término indicativo de función/relación ed.
9 (RLIN) 28688
902 ## - ELEMENTOS DE DATOS B LOCAL, LDB (RLIN)
Creó MMA/gsm
905 ## - TIPO DE MATERIAL
Tipo de material Libro
Holdings
Estado de retiro Estado de pérdida Fuente del sistema de clasificación o colocación Estado dañado No para préstamo Código de colección Localización permanente Ubicación/localización actual Ubicación en estantería Total de préstamos Clasificación Código de barras Fecha visto por última vez Número de copia Tipo de ítem Koha
    Library of Congress Classification     Colección General Bib. Gregorio Torres Quintero Bib. Gregorio Torres Quintero Planta baja   PQ4221 F5.6 195677 31/12/2020 1 Libro